<The> European environment state and outlook 2005
Enregistré dans:
| Format: | Livre |
|---|---|
| Langue: | anglais |
| Publié: |
Copenhagen
European Environment Agency
2005
|
| Sujets: | |
| Tags: |
Pas de tags, Soyez le premier à ajouter un tag!
|
MARC
| LEADER | 00000nam$a2200000$$$4500 | ||
|---|---|---|---|
| 001 | 0067421 | ||
| 005 | 20221129082544.3 | ||
| 020 | |a 92-9167-776-0 | ||
| 041 | 0 | |a eng | |
| 044 | |a DK | ||
| 245 | 1 | 0 | |a <The> European environment |b state and outlook 2005 |
| 264 | 1 | |a Copenhagen |b European Environment Agency |c 2005 | |
| 300 | |a 570 s. | ||
| 610 | 2 | 0 | |a prostredie životné |
| 610 | 2 | 0 | |a kvalita života |
| 610 | 2 | 0 | |a zmeny klimatické |
| 610 | 2 | 0 | |a voda |
| 610 | 2 | 0 | |a pôda |
| 610 | 2 | 0 | |a vzduch |
| 610 | 2 | 0 | |a diverzita biologická |
| 610 | 2 | 0 | |a sektory hospodárske |
| 610 | 2 | 0 | |a emisie |
| 610 | 2 | 0 | |a znečistenie prostredia životného |
| 610 | 2 | 0 | |a ukazovatele |
| 610 | 2 | 0 | |a údaje štatistické |
| 610 | 2 | 0 | |a porovnanie medzinárodné |
| 610 | 2 | 0 | |a Európa |
| 610 | 2 | 0 | |a 2005 |